<?xml version="1.0" encoding="UTF-8"?><?xml-stylesheet type="text/xsl" href="static/style.xsl"?><OAI-PMH xmlns="http://www.openarchives.org/OAI/2.0/" xmlns:xsi="http://www.w3.org/2001/XMLSchema-instance" xsi:schemaLocation="http://www.openarchives.org/OAI/2.0/ http://www.openarchives.org/OAI/2.0/OAI-PMH.xsd"><responseDate>2026-04-13T00:51:08Z</responseDate><request verb="GetRecord" identifier="oai:www.recercat.cat:20.500.14342/3880" metadataPrefix="marc">https://recercat.cat/oai/request</request><GetRecord><record><header><identifier>oai:recercat.cat:20.500.14342/3880</identifier><datestamp>2025-05-25T23:44:20Z</datestamp><setSpec>com_2072_482405</setSpec><setSpec>com_2072_183628</setSpec><setSpec>col_2072_482411</setSpec></header><metadata><record xmlns="http://www.loc.gov/MARC21/slim" xmlns:dcterms="http://purl.org/dc/terms/" xmlns:xsi="http://www.w3.org/2001/XMLSchema-instance" xmlns:doc="http://www.lyncode.com/xoai" xsi:schemaLocation="http://www.loc.gov/MARC21/slim http://www.loc.gov/standards/marcxml/schema/MARC21slim.xsd">
   <leader>00925njm 22002777a 4500</leader>
   <datafield ind2=" " ind1=" " tag="042">
      <subfield code="a">dc</subfield>
   </datafield>
   <datafield ind2=" " ind1=" " tag="720">
      <subfield code="a">Oviedo, Guillermo R.</subfield>
      <subfield code="e">author</subfield>
   </datafield>
   <datafield ind2=" " ind1=" " tag="720">
      <subfield code="a">Tamulevicius, Nauris</subfield>
      <subfield code="e">author</subfield>
   </datafield>
   <datafield ind2=" " ind1=" " tag="720">
      <subfield code="a">Guerra-Balic, Myriam</subfield>
      <subfield code="e">author</subfield>
   </datafield>
   <datafield ind2=" " ind1=" " tag="260">
      <subfield code="c">2019-05</subfield>
   </datafield>
   <datafield ind2=" " ind1=" " tag="520">
      <subfield code="a">This study describes and compares physical activity (PA) levels and sedentary time (ST) of&#xd;
active (AG) and a non-active (NAG) groups of adults with intellectual disability (ID) versus a group&#xd;
of adults without ID. Thirty-seven participants from the AG, 29 from the NAG, and 31 adults without&#xd;
ID participated in this study. Height and weight were obtained to calculate body mass index (BMI).&#xd;
PA levels and ST were assessed with GT3X Actigraph accelerometers for 7 days. Results revealed that&#xd;
the AG engaged in higher values of moderate to vigorous PA compared with the NAG (all p &lt; 0.05),&#xd;
but were similar to adults without ID. Adults without ID performed less ST and more light PA than&#xd;
the ID groups (all p &lt; 0.05). The participants of the AG did not demonstrate less ST than the NAG.&#xd;
It is concerning that adults with ID (AG or NAG) are spending a higher time in ST and less time in&#xd;
light PA than adults without ID. Our results suggest that integrated, well-designed PA programmes&#xd;
into the ID population workdays can lead to increased PA levels. Nevertheless, these interventions&#xd;
and exercise programmes implemented for adults with ID should be tailored to also reduce ST.</subfield>
   </datafield>
   <datafield ind1="8" ind2=" " tag="024">
      <subfield code="a">http://hdl.handle.net/20.500.14342/3880</subfield>
   </datafield>
   <datafield ind1="8" ind2=" " tag="024">
      <subfield code="a">https://doi.org/10.3390/ijerph16101761</subfield>
   </datafield>
   <datafield tag="653" ind2=" " ind1=" ">
      <subfield code="a">Discapacitats mentals</subfield>
   </datafield>
   <datafield tag="653" ind2=" " ind1=" ">
      <subfield code="a">Activitat física</subfield>
   </datafield>
   <datafield tag="653" ind2=" " ind1=" ">
      <subfield code="a">Sedentarisme</subfield>
   </datafield>
   <datafield tag="653" ind2=" " ind1=" ">
      <subfield code="a">Adults</subfield>
   </datafield>
   <datafield ind2="0" ind1="0" tag="245">
      <subfield code="a">Physical Activity and Sedentary Time in Active and Non-Active Adults with Intellectual Disability: A Comparative Study</subfield>
   </datafield>
</record></metadata></record></GetRecord></OAI-PMH>